000 00398nam a2200145Ia 4500
008 240126s9999 xx 000 0 und d
041 _aEnglish
245 0 _aInside Outside (2006 -
260 _bAshok H Advani on behalf of Business india
_aMumbai
440 _aNULL
520 _aSubs. No : #230002
650 _aInside,(2006,-,Management. Hotel
650 _aManagement. Hotel
942 _cJN
999 _c268660
_d268660